Teorías implícitas, innovación educativa y formación docente.

Sábháilte in:
Sonraí bibleagrafaíochta
Príomhchruthaitheoir: Vogliotti, A. (autor)
Rannpháirtithe: Macchiarola, V. (autor) (autor)
Formáid: LEABHAR
Teanga:Spáinnis
Ábhair:
Rochtain ar líne:Ver documento en línea
Clibeanna: Cuir clib leis
Níl clibeanna ann, Bí ar an gcéad duine le clib a chur leis an taifead seo!

MARC

LEADER 00000cam^a2200000uu^4500
001 000527356
005 20260512000000.0
008 052102s2003^^^^^^^^^^^^rd^r^1000^0^spa^d
009 20260512123817.714
035 |a FCE 000071602 
037 |a Acervo ITESO - Biblioteca 
041 |a spa 
095 |a CD 393 
100 |a Vogliotti, A.  |e (autor) 
245 1 0 |a Teorías implícitas, innovación educativa y formación docente.  |h [recurso electrónico] 
264 |a San Luis :  |b [s.n.],  |c 2002. 
300 |a 1 disco compacto (pp. 67-77) :  |c 4 3/4 pulg. 
336 |a texto  |b txt  |2 rdacontenido 
337 |a sin mediación  |b n  |2 rdamedio 
338 |a volumen  |b nc  |2 rdasoporte 
649 |a XX 
650 |a Formación de docentes 
650 |a Teorías 
650 |a Innovaciones educativas 
740 |t En: Revista Alternativas 
740 |t Reduc: Documentos electrónicos. 
700 |a Macchiarola, V.  |e (autor) 
856 4 0 |u https://biblioteca.uahurtado.cl/ujah/reduc/pdf/pdf/00.799-03.pdf  |y Ver documento en línea 
910 |a Fondo Centro de Estudios Educativos 
920 |a Impresos - Libros 
930 |a Fondos Especiales 
905 |a 133 
902 |a https://opac.biblio.iteso.mx/vufind/Record/000527356